[Event "GRE-chT Online Rapid op 1st"]
[Site "Tornelo INT"]
[Date "2021.02.21"]
[Round "8.35"]
[White "Bakalis, Konstantinos"]
[Black "Kapnistou, Maria"]
[Result "0-1"]
[WhiteElo "1009"]
[BlackElo "1184"]
[PlyCount "88"]
[EventDate "2021.02.20"]
[EventType "team-swiss (rapid)"]
[EventRounds "9"]
[EventCountry "GRE"]
[SourceTitle "EXT 2023"]
[Source "ChessBase"]
[SourceDate "2022.10.05"]
[SourceVersion "1"]
[SourceVersionDate "2022.10.05"]
[SourceQuality "1"]

1. e4 c5 2. Nf3 a6 3. c3 d5 4. exd5 Qxd5 5. d4 Nc6 6. Be2 cxd4 7. cxd4 Bg4 8. Nc3 Qd7 9. Ne5 Nxe5 10. dxe5 Qxd1+ 11. Bxd1 Bxd1 12. Nxd1 e6 13. 0-0 Bc5 14. Be3 Bxe3 15. fxe3 Ne7 16. Nc3 0-0 17. Rf2 Nc6 18. Raf1 Nxe5 19. Ne4 Rad8 20. Nc5 Nd3 21. Nxd3 Rxd3 22. Rf3 f5 23. e4 Rxf3 24. Rxf3 fxe4 25. Rxf8+ Kxf8 26. Kf2 Ke7 27. Ke3 Kd6 28. Kxe4 g5 29. Kd4 e5+ 30. Ke4 Ke6 31. Ke3 Kd5 32. Kd3 e4+ 33. Ke3 Ke5 34. Ke2 Kd4 35. Kd2 e3+ 36. Ke2 Ke4 37. Ke1 Kd3 38. Kd1 e2+ 39. Ke1 b5 40. g3 a5 41. h4 gxh4 42. gxh4 h5 43. b3 b4 44. Kf2 Kd2 0-1